Statistiken für Hamburger SV: Alle Torschützen der 2000er

Klicken Sie hier um das Quiz zu spielen!

Allgemein

  • Dieses Quiz wurde 184 mal gespielt
  • Das Durchschnittsergebnis liegt bei 32 aus 65

Antwortstatistiken

Pos.Nat.Spieler% Korrekt
TWGERHans-Jörg Butt
93%
MITNEDRafael van der Vaart
86%
STCROMladen Petric
83%
STNEDRuud van Nistelrooy
82%
STPERPaolo Guerrero
79%
VERBELDaniel van Buyten
78%
STBIHSergej Barbarez
78%
STCROIvica Olic
77%
STSWEMarcus Berg
77%
MITCZEDavid Jarolim
73%
STEGYMohamed Zidan
73%
MITIRNMehdi Mahdavikia
72%
MITGERPiotr Trochowski
71%
VERNEDJoris Mathijsen
70%
VERBELVincent Kompany
69%
VERCIVGuy Demel
68%
STJAPNaohiro Takahara
67%
VERCAMThimothee Atouba
67%
MITBFAJonathan Pitroipa
66%
MITNEDNigel de Jong
66%
VERNAMCollin Benjamin
64%
VERGERMarcell Jansen
64%
MITBRAZe Roberto
61%
VERNEDKhalid Boulahrouz
57%
MITSUIRaphael Wicky
56%
STBRAAilton
55%
STARGBernardo Romeo
53%
MITNEDEljero Elia
53%
STBELEmile Mpenza
53%
MITARGJuan Pablo Sorin
51%
STGHAAnthony Yeboah
50%
VERNEDNico-Jan Hoogma
50%
MITCRONiko Kovac
50%
VERGERBastian Reinhardt
49%
STGERBenjamin Lauth
49%
MITARGRodolfo Cardoso
48%
MITDENStig Töfting
47%
VERCZETomas Ujfalusi
46%
STNEDErik Meijer
39%
STCZEMarek Heinz
38%
STCIVBoubacar Sanogo
37%
VERCZEDavid Rozehnal
37%
MITGERAlexander Laas
36%
STGERRoy Präger
36%
MITGERStefan Beinlich
36%
STTURTunay Torun
36%
STSRBDanijel Ljuboja
35%
VERCZEMilan Fukal
34%
MITNEDRomeo Castelen
34%
MITLBNRoda Antar
33%
MITGERJörg Albertz
32%
STKOSBesart Berisha
31%
STGERMustafa Kucukovic
28%
MITGERChristian Rahn
26%
VERGERMarcel Maltritz
24%
VERGERIngo Hertzsch
23%
MITPORMoreira
23%
VERDENLars Jacobsen
22%
MITGERRobert Tesche
22%
MITGERMarcel Ketelaer
21%
STDENKim Christensen
19%
MITGERMartin Groth
19%
VERGERBjörn Schlicke
16%
STGERMarinus Bester
15%
VERGERJochen Kientz
14%

Verteilung der Resultate

Perzentil nach korrekt beantworteten Fragen

Anzahl Personen mit jedem Resultat

Ihre Resultats-Entwicklung

Sie haben dieses Quiz noch nicht gespielt